000 00522nam a2200181Ia 4500
008 240925s9999 xx 000 0 und d
020 _a9788131720929
082 _a621.380413 SKL
100 _aSklar, Bernard ; Ray Pabitra Kumar
245 0 _aDigital Communications: fundamentals and applications
250 _a2nd
260 _aNew Delhi:
_bPearson Education
_c,2009.
300 _aviii,743p.
_bN.a
_fOriginal
500 _aIncludes Index
600 _aEngineering Technology
650 _aTechnology
942 _cBK
999 _c10333
_d10333